[Event "Karlovy Vary op"]
[Site "Karlovy Vary"]
[Date "2009.05.03"]
[Round "7"]
[White "Schoenegg, Rolf"]
[Black "Tomandl, Vladimir"]
[Result "1-0"]
[WhiteElo "1948"]
[BlackElo "1841"]
[PlyCount "95"]
[EventDate "2009.04.29"]
[EventType "swiss"]
[EventRounds "7"]
[EventCountry "CZE"]
[SourceTitle "CBM 130 Extra"]
[Source "ChessBase"]
[SourceDate "2009.07.02"]
[SourceVersion "2"]
[SourceVersionDate "2009.07.15"]
[SourceQuality "1"]

1. b4 e5 2. Bb2 Bxb4 3. Bxe5 Nf6 4. e3 Nc6 5. Bb2 d5 6. c4 Be6 7. cxd5 Bxd5 8. Nf3 0-0 9. Be2 Re8 10. 0-0 Bd6 11. d4 Ne4 12. Nbd2 Ne7 13. Nxe4 Bxe4 14. Bc4 Ng6 15. Re1 Nh4 16. Nxh4 Qxh4 17. h3 Qg5 18. Qg4 Qf6 19. f3 Bf5 20. d5 Be5 21. Bxe5 Rxe5 22. Qg3 Rxe3 23. Rxe3 Qxa1+ 24. Kh2 Qd4 25. Qe5 Qxe5+ 26. Rxe5 Bg6 27. Re7 Rc8 28. g4 Kf8 29. Re3 Rd8 30. f4 f6 31. Rc3 Bf7 32. Bb3 Bxd5 33. Rxc7 Bxb3 34. axb3 Rb8 35. Kg2 a6 36. Kf3 b5 37. h4 Rd8 38. Ke4 Rd6 39. g5 fxg5 40. hxg5 h5 41. gxh6 gxh6 42. Ke5 Rb6 43. b4 Kg8 44. f5 h5 45. f6 h4 46. Kf5 h3 47. Kg6 Rb8 48. Rg7+ 1-0